000 00467nam a2200157Ia 4500
999 _c20220
_d20220
003 OSt
005 20200701131608.0
008 190216s9999||||xx |||||||||||||| ||und||
040 _coclc
082 _a901.9
_bFER/E
100 _aFerguson, John
_93368
245 4 _aThe Enduring Past /
_cJohn Ferguson ; Ola Esan ; Laycock
260 _bCambridge Uty Press,
_c1965.
_aLondon:
300 _a155p
942 _cBK
_2ddc
_h901.9
_iFER/E
_k901.9
_mFER/E